| 000 | 00642nam a2200241Ia 4500 | ||
|---|---|---|---|
| 003 | OSt | ||
| 005 | 20221007071209.0 | ||
| 006 | a|||||r|||| 00| 0 | ||
| 007 | ta | ||
| 008 | 221006b |||||||| |||| 00| 0 eng d | ||
| 024 | _a15,496 | ||
| 037 | _cTextual | ||
| 040 |
_aFLL _cFLL _beng |
||
| 041 |
_2eng _aeng |
||
| 082 | _aX62.7305, L2 | ||
| 100 |
_aRobinson Stuart W. Au. _9688292 |
||
| 245 | 0 | _aMultinational banking | |
| 250 | _a3rd | ||
| 260 |
_aLondon _bA.W.Sijthoff Leiden London _c1972 |
||
| 300 |
_axix,316p _ccm. |
||
| 942 |
_hX62.7305, L2 _cTEXL _2CC |
||
| 999 |
_c1142722 _d1142722 |
||